| 000 | 01852cam a22003375a 4500 | ||
|---|---|---|---|
| 001 | 18136000 | ||
| 005 | 20201128023923.0 | ||
| 008 | 140501t2015 njua fr 001 0 eng d | ||
| 010 | _a 2014939827 | ||
| 015 |
_aGBB4A5197 _2bnb |
||
| 016 | 7 |
_a016865010 _2Uk |
|
| 020 | _a9780133498608 | ||
| 020 | _a0133498581 (hardback) | ||
| 035 | _a(OCoLC)ocn892859735 | ||
| 040 |
_aUKMGB _beng _cUKMGB _dBDX _dOCLCO _dUAB _dCDX _dYDXCP _dEG-ScBUE |
||
| 042 | _alccopycat | ||
| 082 | 0 | 4 |
_a658.4012 _bCHA _222 |
| 100 | 1 |
_aChambers, Michele _941592 |
|
| 245 | 1 | 0 |
_aModern analytics methodologies : _bdriving business value with analytics / _cMichele Chambers, Thomas W. Dinsmore. |
| 260 |
_aUpper Saddle River, New Jersey : _bPearson Education, Inc., _c2015. |
||
| 300 |
_axiii, 257 p. : _bill. ; _c24 cm. |
||
| 500 | _aIndex : p. 247-257. | ||
| 505 | _aSection I: Why You Need a Unique Analytics Roadmap: Chapter 1: Principles of Modern Analytics -- Chapter 2: Business 3 0 Is Here Now -- Chapter 3: Why You Need a Unique Analytics Roadmap -- Section II: The Analytics Roadmap: Chapter 4: Analytics Can Supercharge Your Business Strategy -- Chapter 5: Building Your Analytics Roadmap -- Chapter 6: Analytic Applications -- Chapter 7: Analytic Use Cases -- Chapter 8: Predictive Analytics Methodology -- Chapter 9: End-User Analytics -- Chapter 10: Analytic Platforms -- Section III: Implement Your Analytics Roadmap -- Chapter 11: Attracting and Retaining Analytics Talent -- Chapter 12: Organizing Analytics Teams -- Chapter 13: What Are You Waiting For? Go Get Started! | ||
| 590 | _aWessam Sameh : Added Item | ||
| 650 | 7 |
_aBusiness mathematics. _2BUEsh _9801 |
|
| 650 | 7 |
_aManagement information systems. _2BUEsh _91296 |
|
| 651 | _2BUEsh | ||
| 653 |
_bBUSADM _cOctober2016 _cNovember2016 |
||
| 700 | 1 |
_aDinsmore, Thomas W. _941590 |
|
| 942 | _2ddc | ||
| 999 |
_c22760 _d22732 |
||